[Event "Dutch Open 2024"]
[Site "Velp, Netherlands"]
[Date "2024.07.26"]
[Round "4.1"]
[White "De Winter, Arthur"]
[Black "Hausrath, Daniel"]
[Result "1-0"]
[WhiteElo "2411"]
[BlackElo "2469"]
[PlyCount "85"]
[[Date "2024.08.01"]]

1. d4 d5 2. c4 e6 3. Nc3 Be7 4. cxd5 exd5 5. Bf4 Nf6 6. e3 c6 7. Bd3 Nbd7 8. h3
Nf8 9. Nf3 Ng6 10. Bh2 Bd6 11. Ne5 Bxe5 12. dxe5 Nd7 13. Bxg6 hxg6 14. O-O Nb6
15. Bg3 Be6 16. Ne2 Qd7 17. Rc1 Rc8 18. Qd4 g5 19. b3 Qe7 20. a4 c5 21. Qd2 Rc6
22. f3 O-O 23. a5 Nc8 24. f4 gxf4 25. exf4 Qd7 26. b4 b6 27. b5 Rc7 28. Bh4 d4
29. Ng3 d3 30. Kh1 Bf5 31. Nh5 Qe6 32. Nxg7 Kxg7 33. Bf6+ Kg8 34. Qf2 Ne7 35.
Qh4 Bh7 36. Qg5+ Bg6 37. Qh6 Qxf6 38. exf6 Nf5 39. Qg5 c4 40. g4 Ng3+ 41. Kg2
Ne4 42. Qh6 Nxf6 43. f5 1-0

[Event "Dutch Open 2024"]
[Site "Velp, Netherlands"]
[Date "2024.07.26"]
[Round "4.2"]
[White "Leenhouts, Koen"]
[Black "Beerdsen, Thomas"]
[Result "1/2-1/2"]
[WhiteElo "2454"]
[BlackElo "2510"]
[PlyCount "35"]
[[Date "2024.08.01"]]

1. d4 d5 2. c4 e6 3. Nc3 Nf6 4. cxd5 exd5 5. Bg5 c6 6. e3 h6 7. Bh4 Be7 8. Bd3
O-O 9. Nf3 Ne4 10. Bxe7 Qxe7 11. Bxe4 dxe4 12. Nd2 Bf5 13. O-O Nd7 14. b4 Rfe8
15. Rb1 Qh4 16. Qe1 Qh5 17. Ne2 Nf6 18. Ng3 1/2-1/2

[Event "Dutch Open 2024"]
[Site "Velp, Netherlands"]
[Date "2024.07.26"]
[Round "4.3"]
[White "Buckels, Valentin"]
[Black "Slagboom, Leandro"]
[Result "1/2-1/2"]
[WhiteElo "2478"]
[BlackElo "2331"]
[PlyCount "99"]
[[Date "2024.08.01"]]

1. c4 e6 2. Nc3 c5 3. Nf3 Nc6 4. g3 Nf6 5. Bg2 d5 6. cxd5 exd5 7. d4 cxd4 8.
Nxd4 Bc5 9. Nb3 Bb6 10. O-O d4 11. Na4 O-O 12. Bg5 h6 13. Nxb6 axb6 14. Bxc6
bxc6 15. Bxf6 Qxf6 16. Qxd4 Rd8 17. Qxf6 gxf6 18. Rfc1 Be6 19. Kf1 Ra4 20. Rc3
c5 21. Ke1 Rb4 22. Rc2 Bxb3 23. axb3 Rxb3 24. Ra3 Rb4 25. b3 Kg7 26. Rc4 Rb5
27. h4 f5 28. f3 Kg6 29. Rc3 Rb4 30. Ra7 h5 31. Rb7 Rd6 32. Rb8 Kg7 33. Kf2 Re6
34. Rd8 Rb5 35. Ra8 Rb4 36. Rd8 Rb5 37. Ra8 Rb4 38. Rd3 f4 39. gxf4 Rxf4 40.
Kg3 Rd4 41. Rxd4 cxd4 42. Rd8 Rxe2 43. Rxd4 Re5 44. Kf4 Rb5 45. b4 Kf6 46. Re4
Rd5 47. Rc4 Rb5 48. Ke4 Ke6 49. Kd4 Kd6 50. Ke4 1/2-1/2

[Event "Dutch Open 2024"]
[Site "Velp, Netherlands"]
[Date "2024.07.26"]
[Round "4.4"]
[White "De Boer, Eelke"]
[Black "Labruyere, Roger"]
[Result "1-0"]
[WhiteElo "2384"]
[BlackElo "2170"]
[PlyCount "79"]
[[Date "2024.08.01"]]

1. e4 c5 2. Nf3 d6 3. d4 cxd4 4. Nxd4 Nf6 5. Nc3 a6 6. Be3 e5 7. Nb3 Be6 8. Be2
Be7 9. O-O O-O 10. Bf3 Nbd7 11. a4 Qc7 12. a5 Rfc8 13. Re1 Bf8 14. h3 b5 15.
axb6 Nxb6 16. Na5 Rab8 17. Bg5 Nbd7 18. Bc1 Nc5 19. Nd5 Nxd5 20. exd5 Bd7 21.
c3 f5 22. b4 Nb7 23. Nc6 Ra8 24. Qb3 Kh8 25. Be3 e4 26. Be2 Bxc6 27. dxc6 Qxc6
28. Red1 a5 29. Qf7 Re8 30. Bc4 Be7 31. Bd4 Rg8 32. Qxe7 Qxc4 33. Qxb7 Rae8 34.
Rxa5 Qe2 35. Rda1 e3 36. fxe3 f4 37. Ra7 Re5 38. exf4 h5 39. fxe5 dxe5 40. Qf3
1-0

[Event "Dutch Open 2024"]
[Site "Velp, Netherlands"]
[Date "2024.07.26"]
[Round "4.5"]
[White "Shakhverdian, William"]
[Black "Maatman, Nick"]
[Result "0-1"]
[WhiteElo "2157"]
[BlackElo "2383"]
[PlyCount "84"]
[[Date "2024.08.01"]]

1. d4 Nf6 2. Nf3 g6 3. g3 d5 4. Bg2 Bg7 5. O-O c6 6. a4 O-O 7. c3 Bf5 8. Nbd2
Na6 9. a5 Qc8 10. Re1 Re8 11. Ne5 Nd7 12. Nxd7 Qxd7 13. Nf3 Rad8 14. Be3 Qc8
15. Qb3 Nc7 16. Rec1 a6 17. Qd1 f6 18. Nh4 Be6 19. Ra4 Bf7 20. Nf3 Kh8 21. Qd2
Kg8 22. Bh6 g5 23. Bxg7 Kxg7 24. h4 h6 25. Ne1 gxh4 26. gxh4 Kh7 27. Qf4 Rg8
28. Kf1 Rg4 29. Qh2 Rdg8 30. e3 Bh5 31. c4 Qd7 32. Rb4 Ne8 33. cxd5 cxd5 34.
Rc5 Rxg2 35. Nxg2 Qg4 36. Rc2 Qd1+ 37. Ne1 Bf3 38. Rxb7 Rg7 39. Qh3 Be4 40. Rc3
Nd6 41. Rbc7 Nf5 42. Rc1 Bd3# 0-1

[Event "Dutch Open 2024"]
[Site "Velp, Netherlands"]
[Date "2024.07.26"]
[Round "4.6"]
[White "Baselmans, Luuk"]
[Black "Dordevic, Tom"]
[Result "1-0"]
[WhiteElo "2345"]
[BlackElo "2133"]
[PlyCount "89"]
[[Date "2024.08.01"]]

1. e4 e5 2. Nf3 Nf6 3. d4 Nxe4 4. Bd3 Nc6 5. Nxe5 Nxe5 6. dxe5 Nc5 7. Bc4 d6 8.
Qf3 Be6 9. Bxe6 Nxe6 10. Qxb7 Rb8 11. Qxa7 Nc5 12. Qa3 dxe5 13. Qg3 Qf6 14. Nd2
Bd6 15. Nc4 O-O 16. O-O Qe6 17. b3 f5 18. Qh3 Ne4 19. Re1 Qg6 20. f3 Bc5+ 21.
Kf1 Bd4 22. Rb1 Qa6 23. f4 Nd6 24. fxe5 Nxc4 25. Qd3 Rfd8 26. Bg5 Bc3 27. bxc4
Rxd3 28. Rxb8+ Kf7 29. e6+ Kg6 30. cxd3 Kxg5 31. e7 Bxe1 32. e8=Q Bc3 33. Qe3+
Kg6 34. Qg3+ Kh6 35. Qf4+ Kg6 36. g4 fxg4 37. Qxg4+ Kh6 38. Rb5 g6 39. Qf4+ Kg7
40. Qxc7+ Kh6 41. Qf4+ Kg7 42. d4 Qc8 43. Rc5 Qh3+ 44. Kg1 Kg8 45. Rb5 1-0

[Event "Dutch Open 2024"]
[Site "Velp, Netherlands"]
[Date "2024.07.26"]
[Round "4.7"]
[White "Zwirs, Jasper"]
[Black "Van Foreest, Machteld"]
[Result "1-0"]
[WhiteElo "2088"]
[BlackElo "2272"]
[PlyCount "39"]
[[Date "2024.08.01"]]

1. d4 e6 2. Nc3 Nf6 3. Bf4 d5 4. Nb5 Na6 5. e3 c6 6. Nc3 Nc7 7. Nf3 Bb4 8. Bd3
Nb5 9. O-O Nxc3 10. bxc3 Bxc3 11. Rb1 a6 12. Ne5 Qe7 13. Rb3 Bb4 14. Qf3 Bd6
15. a4 h6 16. c4 dxc4 17. Nxc4 Bxf4 18. Qxf4 O-O 19. Nb6 Ra7 20. Qb8 1-0

[Event "Dutch Open 2024"]
[Site "Velp, Netherlands"]
[Date "2024.07.26"]
[Round "4.8"]
[White "Grooten, Herman"]
[Black "Smid, Jelle"]
[Result "1-0"]
[WhiteElo "2211"]
[BlackElo "2080"]
[PlyCount "71"]
[[Date "2024.08.01"]]

1. Nf3 d5 2. b3 Nf6 3. Bb2 c5 4. e3 a6 5. c4 e6 6. g3 dxc4 7. bxc4 Be7 8. Bg2
O-O 9. O-O Nc6 10. Qe2 Qc7 11. d4 cxd4 12. exd4 Rb8 13. Rd1 Na5 14. Ba3 b5 15.
Bxe7 Qxe7 16. c5 Bb7 17. Nbd2 Rfd8 18. Nb3 Nc4 19. Ne5 Bxg2 20. Kxg2 Nd5 21.
Rac1 Nxe5 22. dxe5 Rdc8 23. Qd2 Qc7 24. Re1 b4 25. Rc4 a5 26. Nd4 Ne7 27. Qc2
Nc6 28. Nf3 Rd8 29. Ng5 h6 30. Qh7+ Kf8 31. Nxe6+ fxe6 32. Rf4+ Ke8 33. Qg6+
Kd7 34. Rf7+ Ne7 35. Rxe7+ Kxe7 36. Qxg7+ 1-0

[Event "Dutch Open 2024"]
[Site "Velp, Netherlands"]
[Date "2024.07.26"]
[Round "4.9"]
[White "Schuricht, Emil Frederick"]
[Black "Panjer, Sidney"]
[Result "1/2-1/2"]
[WhiteElo "1973"]
[BlackElo "2204"]
[PlyCount "136"]
[[Date "2024.08.01"]]

1. c4 e6 2. Nf3 d5 3. g3 Nf6 4. Bg2 Be7 5. O-O O-O 6. d4 dxc4 7. Qc2 b5 8. a4
b4 9. Nfd2 Nd5 10. Nxc4 c5 11. Ne3 cxd4 12. Nxd5 exd5 13. Rd1 Be6 14. Nd2 Nd7
15. Nf3 Rc8 16. Qd2 d3 17. exd3 a5 18. Qf4 Nc5 19. Nd4 Bd7 20. Nf5 Bf6 21. Nd6
Bxa4 22. Rxa4 Nxa4 23. Nxc8 Qxc8 24. Qd2 Rd8 25. d4 h6 26. Qd3 Qc4 27. b3 Qxd3
28. Rxd3 Nc3 29. Kf1 Kf8 30. Bb2 Nb5 31. Rd2 Ke7 32. Ke1 Kd6 33. Bf1 Rb8 34.
Kd1 g5 35. Rd3 Rb7 36. Kd2 Bg7 37. Bg2 Re7 38. h3 Kc6 39. Re3 Rxe3 40. Kxe3 Kd6
41. Bf1 Nc7 42. f4 gxf4+ 43. Kxf4 Ne6+ 44. Ke3 Ng5 45. Bg2 Ne6 46. Bf3 Bf6 47.
Kd3 Bg5 48. h4 Bf6 49. Bg4 Bg7 50. Ke3 Nd8 51. Kd3 Nc6 52. Bf5 h5 53. Bh3 Bh6
54. Bg2 Ne7 55. Bf3 Nf5 56. Bxh5 f6 57. g4 Nxh4 58. Ke2 Bg5 59. Bf7 Ng2 60. Bg8
Nf4+ 61. Kd2 Ng2+ 62. Ke2 Ne3 63. Kf3 Nd1 64. Ba1 Ne3 65. Bh7 Nf1 66. Ke2 Ne3
67. Kf3 Nf1 68. Ke2 Ne3 1/2-1/2

[Event "Dutch Open 2024"]
[Site "Velp, Netherlands"]
[Date "2024.07.26"]
[Round "4.10"]
[White "Stillger, Bernhard"]
[Black "Weidemann, Jakob"]
[Result "1/2-1/2"]
[WhiteElo "2263"]
[BlackElo "2142"]
[PlyCount "42"]
[[Date "2024.08.01"]]

1. Nf3 Nf6 2. c4 c5 3. g3 b6 4. Bg2 Bb7 5. O-O g6 6. Nc3 Bg7 7. Re1 d6 8. e4 e5
9. a3 Nc6 10. b4 O-O 11. Rb1 Bc8 12. h3 Nd4 13. d3 h6 14. bxc5 bxc5 15. Nxd4
cxd4 16. Nd5 Nxd5 17. exd5 Bd7 18. Bd2 Rb8 19. Qc2 Qc7 20. Rxb8 Rxb8 21. Rb1
Rxb1+ 1/2-1/2

[Event "Dutch Open 2024"]
[Site "Velp, Netherlands"]
[Date "2024.07.26"]
[Round "4.11"]
[White "Saketh, Pedagandham"]
[Black "Hilwerda, Jonas"]
[Result "1/2-1/2"]
[WhiteElo "2051"]
[BlackElo "2257"]
[PlyCount "32"]
[[Date "2024.08.01"]]

1. e4 c5 2. Nf3 Nc6 3. Bb5 Qc7 4. O-O a6 5. Be2 Nf6 6. d3 e5 7. c4 d6 8. Nc3 h6
9. a3 g5 10. b4 b6 11. Be3 Bg7 12. Rc1 O-O 13. h4 g4 14. Nh2 h5 15. g3 Nd4 16.
f4 Bb7 1/2-1/2

[Event "Dutch Open 2024"]
[Site "Velp, Netherlands"]
[Date "2024.07.26"]
[Round "4.12"]
[White "Ritzerveld, Noah"]
[Black "Aravindhan, Achyuth"]
[Result "1-0"]
[WhiteElo "2181"]
[BlackElo "2094"]
[PlyCount "75"]
[[Date "2024.08.01"]]

1. e4 c5 2. Nf3 Nc6 3. d4 cxd4 4. Nxd4 Nf6 5. Nc3 e5 6. Ndb5 d6 7. Bg5 a6 8.
Na3 b5 9. Nd5 Be7 10. Bxf6 Bxf6 11. c3 Ne7 12. Nxf6+ gxf6 13. Nc2 Bb7 14. Bd3
d5 15. exd5 Qxd5 16. Ne3 Qe6 17. Qh5 O-O-O 18. O-O-O f5 19. Nxf5 Ng6 20. Nd6+
Kb8 21. Nxb7 Kxb7 22. Be4+ Kb8 23. Rxd8+ Rxd8 24. Rd1 Rf8 25. Bf5 Qxa2 26. Bxg6
fxg6 27. Qxe5+ Ka8 28. Qe4+ Kb8 29. f3 Qf7 30. Rd6 Re8 31. Qd4 Qc7 32. Rb6+ Kc8
33. Rxa6 Kb8 34. Rb6+ Kc8 35. Rxb5 Re1+ 36. Kd2 Re6 37. Rc5 Rc6 38. b4 1-0

[Event "Dutch Open 2024"]
[Site "Velp, Netherlands"]
[Date "2024.07.26"]
[Round "4.13"]
[White "Kazarjan, Gachatur"]
[Black "Smit, Manuel"]
[Result "1-0"]
[WhiteElo "2174"]
[BlackElo "1969"]
[PlyCount "57"]
[[Date "2024.08.01"]]

1. e4 d5 2. exd5 Qxd5 3. Nc3 Qd8 4. d4 Nf6 5. Bc4 c6 6. Nf3 Bf5 7. Ne5 e6 8. g4
Bg6 9. h4 Bb4 10. f3 Nd5 11. Bxd5 Qxd5 12. h5 f6 13. hxg6 fxe5 14. Rxh7 Rg8 15.
Kf2 Bxc3 16. bxc3 Nd7 17. Rh5 O-O-O 18. Qe2 Rh8 19. dxe5 Rxh5 20. gxh5 Nxe5 21.
Bf4 Nd7 22. Rd1 Qf5 23. Qe4 Qf6 24. Rd6 Rf8 25. Kg3 Nc5 26. Rxc6+ bxc6 27.
Qxc6+ Kd8 28. Bc7+ Kc8 29. Be5+ 1-0

[Event "Dutch Open 2024"]
[Site "Velp, Netherlands"]
[Date "2024.07.26"]
[Round "4.14"]
[White "Aarav Sarbalia"]
[Black "Van Rootselaar, Rik"]
[Result "0-1"]
[WhiteElo "2042"]
[BlackElo "2152"]
[PlyCount "78"]
[[Date "2024.08.01"]]

1. e4 c5 2. c3 d5 3. exd5 Qxd5 4. d4 Nf6 5. Nf3 Bg4 6. dxc5 Qxd1+ 7. Kxd1 e5 8.
Be3 e4 9. h3 Bh5 10. g4 Nxg4 11. hxg4 Bxg4 12. Nbd2 exf3 13. b4 Nc6 14. Nc4
O-O-O+ 15. Kc1 Be6 16. Kb2 Be7 17. b5 Bxc4 18. Bxc4 Ne5 19. Kb3 Bf6 20. Bd4 Ng4
21. Bxf7 Bxd4 22. Be6+ Kc7 23. Bxg4 Bxf2 24. Bxf3 Bxc5 25. Rh5 Be7 26. Re1 Bf6
27. Re6 Kb8 28. Be4 h6 29. Bg6 Rd2 30. Rh3 Rg2 31. Bc2 h5 32. Rd3 h4 33. Ree3
Kc7 34. Rf3 Re8 35. Bd1 Re1 36. Rf4 h3 37. Rc4+ Kb8 38. Bf3 Rb1+ 39. Ka3 Be7+
0-1

[Event "Dutch Open 2024"]
[Site "Velp, Netherlands"]
[Date "2024.07.26"]
[Round "4.15"]
[White "Grooten, Tommy"]
[Black "Hng, Mei-Xian Eunice"]
[Result "1-0"]
[WhiteElo "2146"]
[BlackElo "2036"]
[PlyCount "67"]
[[Date "2024.08.01"]]

1. d4 Nf6 2. c4 e6 3. Nc3 c5 4. d5 exd5 5. cxd5 d6 6. Nf3 g6 7. Nd2 Bg7 8. e4
O-O 9. Be2 a6 10. a4 Re8 11. O-O b6 12. Qc2 Nbd7 13. f4 Qc7 14. Kh1 Bb7 15. Nc4
Bf8 16. Bf3 Qb8 17. Bd2 b5 18. axb5 axb5 19. Nxb5 Bxd5 20. Nbxd6 Bxd6 21. Nxd6
Rxa1 22. Rxa1 Qxd6 23. exd5 Nxd5 24. Qd3 N7f6 25. h3 Rd8 26. b3 Qf8 27. Qe2 Nb4
28. Bc3 Nfd5 29. Bb2 Nc6 30. Qc4 Ncb4 31. Ra5 Qd6 32. Rxc5 Qxf4 33. Bxd5 Nxd5
34. Rxd5 1-0

[Event "Dutch Open 2024"]
[Site "Velp, Netherlands"]
[Date "2024.07.26"]
[Round "4.16"]
[White "Schroeder, Lennart"]
[Black "Van de Pavoordt, Max"]
[Result "1-0"]
[WhiteElo "2146"]
[BlackElo "2044"]
[PlyCount "67"]
[[Date "2024.08.01"]]

1. d4 d5 2. c4 c6 3. Nf3 Nf6 4. e3 Bf5 5. Nc3 e6 6. Nh4 Bg6 7. Be2 Nbd7 8. g3
Be7 9. Nxg6 hxg6 10. O-O Ne4 11. Nxe4 dxe4 12. f3 exf3 13. Bxf3 Bf6 14. Bd2 Qc7
15. Rc1 Rd8 16. Qe2 c5 17. d5 Ne5 18. Bc3 exd5 19. Bxd5 O-O 20. Rf2 b5 21. b3
b4 22. Bb2 Nd7 23. Rcf1 Rde8 24. Qg4 Ne5 25. Bxe5 Rxe5 26. Rxf6 Rxd5 27. Rxg6
fxg6 28. Qe6+ Kh7 29. Rxf8 Rh5 30. Qe8 Kh6 31. Rh8+ Kg5 32. h4+ Kg4 33. Qxg6+
Kh3 34. Rxh5 1-0

[Event "Dutch Open 2024"]
[Site "Velp, Netherlands"]
[Date "2024.07.26"]
[Round "4.17"]
[White "Odendahl, Reiner"]
[Black "Kurt, Sascha"]
[Result "1/2-1/2"]
[WhiteElo "2274"]
[BlackElo "2071"]
[PlyCount "49"]
[[Date "2024.08.01"]]

1. g3 Nf6 2. Bg2 g6 3. e4 d6 4. d4 Bg7 5. Ne2 O-O 6. O-O e5 7. c4 Nc6 8. d5 Nb8
9. Nbc3 a5 10. a3 Bd7 11. b3 Na6 12. Rb1 Nc5 13. b4 axb4 14. axb4 Na4 15. Nxa4
Bxa4 16. Qd3 Bd7 17. Bb2 Ne8 18. Ra1 f5 19. Rxa8 Qxa8 20. Ra1 Qb8 21. Nc3 Nf6
22. c5 Rf7 23. Qc4 fxe4 24. Nxe4 Nxe4 25. Bxe4 1/2-1/2

[Event "Dutch Open 2024"]
[Site "Velp, Netherlands"]
[Date "2024.07.26"]
[Round "4.18"]
[White "Wink, Luka"]
[Black "Bakija, Alan"]
[Result "0-1"]
[WhiteElo "2066"]
[BlackElo "2171"]
[PlyCount "96"]
[[Date "2024.08.01"]]

1. e4 d6 2. d4 Nf6 3. Nc3 e5 4. Nge2 c6 5. h3 b5 6. a3 h5 7. f4 Nbd7 8. dxe5
dxe5 9. fxe5 Nxe5 10. Qxd8+ Kxd8 11. Bf4 Nfd7 12. O-O-O Ke7 13. Nd4 a6 14. Be2
Bb7 15. Nf5+ Ke6 16. Nd4+ Ke7 17. Nf3 f6 18. Rhf1 g6 19. Rd2 Bh6 20. g3 Nxf3
21. Bxf3 Ne5 22. Be2 Bc8 23. h4 Be6 24. Rfd1 g5 25. Be3 gxh4 26. Bxh6 Rxh6 27.
gxh4 Rg8 28. Rh1 Rg3 29. Nd1 Bg4 30. Nf2 Re3 31. Nxg4 hxg4 32. Bd3 Rh3 33. Rxh3
gxh3 34. Rh2 Rxh4 35. Be2 Rxe4 36. Kd2 Rh4 37. Ke3 Nf7 38. Bf3 c5 39. Bb7 a5
40. Bc6 b4 41. axb4 cxb4 42. Rd2 Ne5 43. Bd5 Nc4+ 44. Bxc4 Rxc4 45. Kf3 Rh4 46.
Rh2 Rh6 47. b3 Kd6 48. Kg3 Kc5 0-1

[Event "Dutch Open 2024"]
[Site "Velp, Netherlands"]
[Date "2024.07.26"]
[Round "4.19"]
[White "Goudriaan, Rafael"]
[Black "Vos, Tjark"]
[Result "0-1"]
[WhiteElo "2028"]
[BlackElo "2170"]
[PlyCount "46"]
[[Date "2024.08.01"]]

1. d4 Nf6 2. c4 e6 3. Nc3 Bb4 4. e3 O-O 5. Bd2 d5 6. Nf3 b6 7. cxd5 exd5 8. Rc1
Re8 9. Ne5 Bf8 10. Bd3 Bb7 11. f4 c5 12. g4 Nc6 13. g5 Nxe5 14. dxe5 d4 15. Rg1
dxc3 16. gxf6 Qxd3 17. Rxc3 Qe4 18. fxg7 Be7 19. Qh5 Rad8 20. Bc1 Rd7 21. e6
Qxe6 22. e4 Qxe4+ 23. Re3 Qc2 0-1

[Event "Dutch Open 2024"]
[Site "Velp, Netherlands"]
[Date "2024.07.26"]
[Round "4.20"]
[White "Van Foreest, Nanne"]
[Black "Hng, Mei-En Emmanuelle"]
[Result "1-0"]
[WhiteElo "1985"]
[BlackElo "2144"]
[PlyCount "105"]
[[Date "2024.08.01"]]

1. e4 Nf6 2. e5 Nd5 3. d4 d6 4. c4 Nb6 5. exd6 cxd6 6. Nf3 g6 7. Be2 Bg7 8. O-O
O-O 9. Nc3 Nc6 10. Be3 Bg4 11. c5 Bxf3 12. Bxf3 Nc4 13. Qb3 N6a5 14. Qc2 e5 15.
d5 Nxe3 16. fxe3 dxc5 17. Rad1 Nc4 18. Qe2 Nd6 19. Ne4 f5 20. Nxd6 Qxd6 21. e4
a6 22. a4 Rac8 23. Qc2 c4 24. Be2 f4 25. Bg4 Rc7 26. Rf3 Rb8 27. Rc3 b5 28. Kh1
Bf8 29. Be6+ Kg7 30. b3 cxb3 31. Rxc7+ Kh8 32. Qc6 bxa4 33. Rb7 Rd8 34. Qxd6
Bxd6 35. Ra1 a5 36. Rxa4 Bb4 37. Raxb4 axb4 38. Rxb4 Ra8 39. h3 Ra1+ 40. Kh2
Rd1 41. Rxb3 Rd4 42. Rb7 Rd2 43. Rf7 h5 44. Kg1 Rd1+ 45. Kf2 Rd2+ 46. Kf3 Rd3+
47. Ke2 Rd4 48. Rd7 Rxe4+ 49. Kf2 Rd4 50. d6 e4 51. Rd8+ Kg7 52. d7 e3+ 53. Ke1
1-0

[Event "Dutch Open 2024"]
[Site "Velp, Netherlands"]
[Date "2024.07.26"]
[Round "4.21"]
[White "Van Kuijk, Vadim"]
[Black "Koster, Chiel"]
[Result "1/2-1/2"]
[WhiteElo "2131"]
[BlackElo "2058"]
[PlyCount "68"]
[[Date "2024.08.01"]]

1. e4 c5 2. Nf3 Nc6 3. d4 cxd4 4. Nxd4 Nf6 5. Nc3 e5 6. Ndb5 d6 7. Bg5 a6 8.
Na3 b5 9. Nd5 Be7 10. Bxf6 Bxf6 11. c3 Bg5 12. Nc2 Rb8 13. a4 bxa4 14. Ncb4
Nxb4 15. Nxb4 Bd7 16. Bxa6 Qa5 17. Qd5 Qxd5 18. exd5 O-O 19. O-O Rb6 20. Bd3 f5
21. Bc2 Ra8 22. Ra3 e4 23. b3 Bd2 24. bxa4 Bxc3 25. Rxc3 Rxb4 26. Ra1 Ra5 27.
Rc7 Be8 28. g3 h5 29. h4 Bf7 30. Rc6 Bxd5 31. Rxd6 Rb2 32. Bd1 e3 33. fxe3 Kh7
34. Bxh5 Rg2+ 1/2-1/2

[Event "Dutch Open 2024"]
[Site "Velp, Netherlands"]
[Date "2024.07.26"]
[Round "4.22"]
[White "Gortemaker, Lucas"]
[Black "Zecha, Oscar"]
[Result "0-1"]
[WhiteElo "2097"]
[BlackElo "1999"]
[PlyCount "102"]
[[Date "2024.08.01"]]

1. e4 e5 2. Nf3 Nc6 3. Bb5 a6 4. Bxc6 dxc6 5. O-O Qf6 6. d4 exd4 7. Bg5 Qd6 8.
Nxd4 Be7 9. Be3 Nf6 10. f3 c5 11. Ne2 Be6 12. Nf4 O-O-O 13. Qe2 Rhg8 14. Nc3 g5
15. Rad1 gxf4 16. Rxd6 Bxd6 17. e5 Bxe5 18. Bxc5 Nd7 19. Ba7 Bxc3 20. bxc3 Rde8
21. Re1 Nf6 22. Qd3 Rd8 23. Qf1 Rd2 24. Bd4 Bh3 25. Re2 Rxe2 26. Qxe2 Rxg2+ 27.
Qxg2 Bxg2 28. Kxg2 Nd5 29. Kh3 Kd7 30. Kg4 Ke6 31. c4 Nb4 32. Kxf4 Nxa2 33. Kg5
Nb4 34. Kh6 Nxc2 35. Bc3 Ne3 36. Kxh7 Nxc4 37. Kh6 c5 38. Kg5 Ne3 39. h4 b6 40.
h5 Nf5 41. Bg7 a5 42. h6 Nxh6 43. Bxh6 b5 44. Kf4 Kd5 45. Ke3 Kc4 46. Kd2 Kb3
47. Kc1 Ka2 48. Be3 b4 49. Bxc5 b3 50. Bd4 a4 51. Bb2 f6 0-1

[Event "Dutch Open 2024"]
[Site "Velp, Netherlands"]
[Date "2024.07.26"]
[Round "4.23"]
[White "Blok, Xaveer"]
[Black "Bus, Tom"]
[Result "0-1"]
[WhiteElo "1885"]
[BlackElo "2082"]
[PlyCount "87"]
[[Date "2024.08.01"]]

1. e4 c5 2. c3 d5 3. exd5 Qxd5 4. d4 Nf6 5. Nf3 g6 6. Na3 cxd4 7. Bc4 Qe4+ 8.
Be3 dxe3 9. Bxf7+ Kxf7 10. Ng5+ Kg7 11. Nxe4 Nxe4 12. Qd4+ Nf6 13. Qxe3 Nc6 14.
O-O e5 15. Nc4 Bf5 16. Rfe1 Re8 17. b3 h5 18. Rad1 Ng4 19. Qf3 Bc5 20. Rd2 Rhf8
21. Ne3 Bc8 22. Qg3 Rf4 23. Nxg4 Rxg4 24. Qd3 Rd8 25. Qe2 Rf8 26. Qb5 Bb6 27.
c4 Ba5 28. Ree2 Bxd2 29. Rxd2 Rd4 30. Rxd4 exd4 31. Qg5 Rd8 32. Qd2 a5 33. Kf1
Bf5 34. Ke1 Nb4 35. h3 b6 36. Qe2 Kf7 37. Qf3 Kg7 38. Qb7+ Rd7 39. Qxb6 Nd3+
40. Kd2 Nxf2 41. Qxa5 Ne4+ 42. Kc1 d3 43. Qe5+ Kh7 44. g4 0-1

[Event "Dutch Open 2024"]
[Site "Velp, Netherlands"]
[Date "2024.07.26"]
[Round "4.24"]
[White "Evengroen, Jan"]
[Black "Krylov, Philippe"]
[Result "0-1"]
[WhiteElo "2176"]
[BlackElo "1974"]
[PlyCount "84"]
[[Date "2024.08.01"]]

1. e4 c6 2. d4 d5 3. exd5 cxd5 4. Bd3 Nc6 5. c3 Qc7 6. h3 Nf6 7. Nf3 g6 8. Be3
Bf5 9. Be2 Bg7 10. O-O O-O 11. Re1 a6 12. a4 Ne4 13. Nbd2 Nxd2 14. Nxd2 Qb6 15.
Ra2 Rad8 16. Nb3 Qc7 17. a5 Rfe8 18. Qc1 Na7 19. Bf4 Qc6 20. Ra1 Nb5 21. Bg5
Nd6 22. Nc5 f6 23. Be3 e5 24. Nd3 Bxd3 25. Bxd3 e4 26. Bc2 Qc8 27. Ba4 Rf8 28.
Bb3 Nc4 29. Ra4 Qc6 30. Qc2 Nxe3 31. Rxe3 f5 32. Rb4 Kh8 33. Rb6 Qc7 34. h4 f4
35. Rh3 f3 36. gxf3 Rxf3 37. Rxf3 exf3 38. Qd2 Re8 39. Bxd5 Re2 40. Qd1 Qf4 41.
Bxf3 Qxf3 42. Qf1 Re4 0-1

[Event "Dutch Open 2024"]
[Site "Velp, Netherlands"]
[Date "2024.07.26"]
[Round "4.25"]
[White "Vosselman, Jan"]
[Black "Op den Dries, Johan"]
[Result "1-0"]
[WhiteElo "2094"]
[BlackElo "2120"]
[PlyCount "99"]
[[Date "2024.08.01"]]

1. d4 d5 2. Nf3 Nc6 3. Bf4 Nf6 4. e3 e6 5. Nbd2 Bd6 6. Bxd6 Qxd6 7. Bb5 O-O 8.
O-O Ne7 9. Bd3 c5 10. e4 dxe4 11. Nxe4 Nxe4 12. Bxe4 f5 13. Bd3 cxd4 14. Bc4
Nc6 15. Re1 Na5 16. Qe2 Nxc4 17. Qxc4 Bd7 18. Qxd4 Qxd4 19. Nxd4 Rae8 20. Rad1
Rf7 21. f4 g5 22. Nf3 gxf4 23. Ne5 Bc6 24. Nxf7 Kxf7 25. g3 f3 26. Kf2 e5 27.
Rd6 e4 28. Ke3 Re5 29. c4 h5 30. b4 a6 31. Red1 h4 32. Rh6 hxg3 33. hxg3 Re8
34. Rdd6 Rg8 35. Rdf6+ Ke7 36. Re6+ Kd7 37. Reg6 Re8 38. Rd6+ Kc7 39. Rhe6 Rc8
40. Rg6 Be8 41. Rgf6 Bd7 42. Rd5 Rd8 43. Rfd6 Kc8 44. a4 Rg8 45. Rxd7 Rxg3 46.
Rd8+ Kc7 47. R5d7+ Kc6 48. Rf7 Rg2 49. c5 f4+ 50. Kxe4 1-0

[Event "Dutch Open 2024"]
[Site "Velp, Netherlands"]
[Date "2024.07.27"]
[Round "5.1"]
[White "Beerdsen, Thomas"]
[Black "De Winter, Arthur"]
[Result "1/2-1/2"]
[WhiteElo "2510"]
[BlackElo "2411"]
[PlyCount "84"]
[[Date "2024.08.01"]]

1. e4 e5 2. Nf3 Nc6 3. Bb5 a6 4. Ba4 Nf6 5. O-O b5 6. Bb3 Bc5 7. c3 d6 8. d4
Bb6 9. a4 Rb8 10. a5 Ba7 11. h3 Bb7 12. Re1 O-O 13. Bg5 h6 14. Bh4 g5 15. Bg3
Re8 16. dxe5 Nxe5 17. Nxe5 dxe5 18. Qf3 Bc8 19. Qe2 h5 20. Nd2 h4 21. Bh2 g4
22. Kh1 Qe7 23. Nf1 Be6 24. Bxe6 Qxe6 25. hxg4 Qxg4 26. Rad1 Kh7 27. Rd3 Rg8
28. Qf3 Qxf3 29. Rxf3 Ng4 30. Bg1 Kg6 31. Nh2 Nxh2 32. Bxh2 f6 33. g3 h3 34. g4
Rbd8 35. Rf5 Rd2 36. f4 exf4 37. Bxf4 Rg2 38. e5 fxe5 39. Rg5+ Kf7 40. Rf5+ Kg6
41. Rg5+ Kf7 42. Rf5+ Kg6 1/2-1/2

[Event "Dutch Open 2024"]
[Site "Velp, Netherlands"]
[Date "2024.07.27"]
[Round "5.2"]
[White "Hausrath, Daniel"]
[Black "Baselmans, Luuk"]
[Result "1/2-1/2"]
[WhiteElo "2469"]
[BlackElo "2345"]
[PlyCount "31"]
[[Date "2024.08.01"]]

1. Nf3 Nf6 2. c4 e6 3. g3 d5 4. Bg2 Be7 5. O-O O-O 6. b3 d4 7. e3 c5 8. exd4
cxd4 9. Bb2 Nc6 10. Re1 Re8 11. d3 Bc5 12. a3 a5 13. Nbd2 e5 14. Ng5 Bf5 15.
Nge4 Nxe4 16. Nxe4 1/2-1/2

[Event "Dutch Open 2024"]
[Site "Velp, Netherlands"]
[Date "2024.07.27"]
[Round "5.3"]
[White "Grooten, Herman"]
[Black "Leenhouts, Koen"]
[Result "0-1"]
[WhiteElo "2211"]
[BlackElo "2454"]
[PlyCount "88"]
[[Date "2024.08.01"]]

1. Nf3 d5 2. d4 Nf6 3. c4 e6 4. Nc3 dxc4 5. e3 a6 6. Bxc4 b5 7. Bd3 Bb7 8. O-O
Nbd7 9. Qe2 c5 10. Rd1 c4 11. Bc2 Qc7 12. e4 b4 13. e5 bxc3 14. exf6 cxb2 15.
Bxb2 Bd5 16. fxg7 Bxg7 17. Ba3 Qf4 18. Ne5 Rg8 19. Nxc4 Bf8 20. Ne3 Bf3 21. Qd3
Bxa3 22. Qxa3 Rxg2+ 23. Nxg2 Qg4 24. Qxf3 Qxf3 25. d5 Ne5 26. dxe6 Ng4 27.
exf7+ Kf8 28. Rd2 Qh3 29. Be4 Qxh2+ 30. Kf1 Ra7 31. Re1 Rxf7 32. Bd5 Qh1+ 33.
Ke2 Rxf2+ 34. Kd1 Rxd2+ 35. Kxd2 Qh6+ 36. Kc3 Qf6+ 37. Kb3 Qb6+ 38. Kc4 Nf6 39.
Bf3 Qf2 40. Re3 Qxa2+ 41. Kd4 Qb2+ 42. Kd3 h5 43. Nf4 Qb5+ 44. Kc3 Qc5+ 0-1

[Event "Dutch Open 2024"]
[Site "Velp, Netherlands"]
[Date "2024.07.27"]
[Round "5.4"]
[White "Slagboom, Leandro"]
[Black "De Boer, Eelke"]
[Result "1/2-1/2"]
[WhiteElo "2331"]
[BlackElo "2384"]
[PlyCount "51"]
[[Date "2024.08.01"]]

1. e4 e5 2. Nf3 Nf6 3. Nxe5 d6 4. Nf3 Nxe4 5. d4 d5 6. Bd3 Bd6 7. O-O O-O 8. c4
c6 9. Nc3 Nxc3 10. bxc3 dxc4 11. Bxc4 Bf5 12. Ng5 h6 13. Qf3 Bg6 14. Ne4 Bxh2+
15. Kxh2 Qh4+ 16. Qh3 Qxh3+ 17. gxh3 Bxe4 18. Rg1 g6 19. Bxh6 Re8 20. h4 Kh7
21. Bd2 Nd7 22. Rae1 Bd5 23. Bd3 Nf6 24. c4 Be4 25. Be2 Bf5 26. Bf3 1/2-1/2